|
|
|
|
| LEADER |
01160nam a2200253 u 4500 |
| 001 |
10088223 |
| 003 |
upatras |
| 005 |
20240511063258.0 |
| 008 |
101208s1985 gr gre |
| 040 |
|
|
|a ΠΑΝΕΠΙΣΤΗΜΙΟ ΠΑΤΡΑΣ
|c ΠΑΝΕΠΙΣΤΗΜΙΟ ΠΑΤΡΑΣ
|
| 041 |
0 |
|
|a gre
|
| 082 |
0 |
4 |
|a 882.11
|
| 100 |
0 |
|
|a Αισχύλος,
|d 525-456
|9 25725
|
| 245 |
1 |
0 |
|a Αποσπάσματα
|c Αισχύλου; μετάφραση-σχόλια Τάσος Ρούσσος
|
| 260 |
|
|
|a Αθήνα
|b Κείμενα
|c 1985
|
| 300 |
|
|
|a 155 σ.
|c 25 εκ.
|
| 600 |
1 |
4 |
|a Αισχύλος
|d 525-456
|x Αποσπάσματα
|9 91004
|
| 650 |
|
4 |
|a Ελληνική λογοτεχνία, Αρχαία
|x Αποσπάσματα, χωρία κλπ.
|9 132942
|
| 700 |
1 |
|
|a Ρούσσος, Τάσος
|d 1934-2015
|4 trl
|9 60285
|
| 852 |
|
|
|a GR-PaULI
|b ΠΑΤΡΑ
|b ΘΕΑΤΡΟΛΟΓΙΑ
|k ΑΣΧΕ
|h 882.11 ΡΟΥ
|m 02338
|p 025000015808
|t 1
|
| 942 |
|
|
|2 ddc
|c BK15
|
| 952 |
|
|
|0 0
|1 0
|4 0
|6 882_110000000000000_ΡΟΥ
|7 0
|9 95019
|a THST
|b THST
|d 2016-04-24
|i 02338
|l 0
|o 882.11 ΡΟΥ
|p 025000015808
|r 2016-04-24 00:00:00
|t 1
|w 2016-04-24
|y BK15
|
| 998 |
|
|
|c ΜΑΝΙΑ
|d 2010-12
|
| 999 |
|
|
|c 63963
|d 63963
|